000 01084cam a2200289 a 4500
001 3490774
003 OSt
005 20251107145936.0
008 940104s1993 nyua b 001 0 eng
010 _a 94100756
020 _a0812923278 :
_c$14.00 ($18.50 Can.)
040 _aDLC
_cDLC
_dDLC
043 _an-us---
082 0 0 _aWM171 M66w 1993
_220
100 1 _aMcElvaine, Robert S.
_913438
245 1 4 _aThe Great Depression : America,1929-1941
260 _aNew York;
_bTimes Books,
_c1993.
300 _axxx, 402 p. :
_bill. ;
_c24 cm.
504 _aIncludes bibliographical references (p. 350-385) and index.
650 0 _aDepressions
_913439
650 0 _aMental health
_913440
856 4 2 _3Publisher description
_uhttp://www.loc.gov/catdir/description/random0411/94100756.html
856 4 2 _3Contributor biographical information
_uhttp://www.loc.gov/catdir/enhancements/fy1007/94100756-b.html
906 _a7
_bcbc
_corignew
_d2
_encip
_f19
_gy-gencatlg
942 _2z
_cO_SHELF
999 _c6538
_d6538